000 00319nam a2200121Ia 4500
008 191201s2016 xx 000 0 und d
100 _aSHARMA, Puran Chand
245 0 _aPandit Lakhmi Chand Granthawali
260 _aN. Delhi
_bHaryana Granth Academy
_c2016
300 _a793
650 _aGeneral Books
942 _2ddc
_cBK
999 _c6718
_d6718